Procesní řízení ve státní správě
Problematika procesného riadenia v štátnej správe. Problém s jeho implementáciou spočíva v tom, že riadiaci pracovníci si neuvedomujú, že všetko čo sa v organizácii odohráva je určované procesmi. Pokiaľ nie sú popísané v danej organizácii existujúce procesy, alebo ako by mali vyzerať nové optimálne...
Salvato in:
| Autore principale: | |
|---|---|
| Natura: | Capitolo di libro |
| Lingua: | ceco |
| Soggetti: | |
| Tags: |
Nessun Tag, puoi essere il primo ad aggiungerne!!
|
MARC
| LEADER | 00000nla$a2200000$$$4500 | ||
|---|---|---|---|
| 001 | 0038418 | ||
| 005 | 20221019112549.5 | ||
| 041 | 0 | |a cze | |
| 044 | |a SK | ||
| 245 | 1 | 0 | |a Procesní řízení ve státní správě |c Pavel Vlček |
| 520 | |a Problematika procesného riadenia v štátnej správe. Problém s jeho implementáciou spočíva v tom, že riadiaci pracovníci si neuvedomujú, že všetko čo sa v organizácii odohráva je určované procesmi. Pokiaľ nie sú popísané v danej organizácii existujúce procesy, alebo ako by mali vyzerať nové optimálne procesy, nebude snaha o reengineering úspešná. Procesné mapovanie totiž poskytuje nástroj a overenú metodológiu k identifikácii existujúcich procesov („ako to je“) a možno ho použiť tiež ako návod („ako to má byť “) pre reengineering funkcií zabezpečujúcich správnu a samosprávnu činnosť. Mapovanie procesov je rozhodujúcim spojivom, ktoré možno využiť k lepšiemu pochopeniu a významnému zlepšeniu procesov v organizáciách štátnej správy a samosprávy, tj. zvýšeniu kvality poskytovaných služieb a výkonnosti. | ||
| 610 | 2 | 0 | |a riadenie procesné |
| 610 | 2 | 0 | |a reengineering |
| 610 | 2 | 0 | |a správa štátna |
| 610 | 2 | 0 | |a riadenie podľa cieľov |
| 610 | 2 | 0 | |a procesy podnikové |
| 610 | 2 | 0 | |a samospráva |
| 610 | 2 | 0 | |a manažment |
| 100 | 1 | |a Vlček, Pavel | |